00738nam a2200229 a 4500001000900000005001700009008004100026020001500067040001800082050002200100100002100122245004200143260003000185300003200215500004500247504003400292650004400326653001100370942001100381999001300392952010300405BRCA_81420190320203148.0890217s1989 nyua---##b---#001-0#eng-# a084781081X aDLCcDLCdDLC 4aNK5110b.K55 19891 aKlein, Dan9227610aGlassbA Contemporary ArtcDan Klein. aNueva YorkbRizzolic1989 a224 p.bil. a colorc29 cm. aIncluye índice alfabético de nombres aBibliografía : p. [220]-22114aCristaleríaxHistoriaySiglo XX927110 aVidrio 2lcccB c709d709 00104070aBRCAbBRCAd2008-06-26l0oNK5110 .K55 1989p01287r2019-03-22 00:00:00w2019-03-22yB